| 000 | 01123nam a22003257a 4500 | ||
|---|---|---|---|
| 001 | BR0205998 | ||
| 003 | BR-BrBNA | ||
| 005 | 20230928101224.0 | ||
| 007 | ta | ||
| 008 | 230509b bl.||||| |||| 00| 0 por d | ||
| 040 |
_aBR-BrBNA _bpor _cBiblioteca Nacional de Agricultura |
||
| 041 | _a(Por) | ||
| 072 |
_aL52 _b8195 _b8140 |
||
| 090 | _ 8195 BR0205998 | ||
| 100 | 1 | _aColares, F.A.P. | |
| 110 | 1 |
_aUniversidade Federal de Minas Gerais, Belo Horizonte (Brasil). Escola de Veterinária _0Tese (Doutor em Ciência Animal) |
|
| 245 | 1 | _aEstudo de modelos não lineares de crescimento em peixe-Boi Marinho Trichechus manatus manatus e peixe-Boi Amazônico Trichechus inunguis (Mammalia: Sirenia)em cativeiro | |
| 260 | 3 |
_aBelo Horizonte, MG (Brasil): _c2002. |
|
| 300 | _a63 p. | ||
| 500 | _aSummaries (Eng, Por); 39 ref.; 38 tables; 27 illus. | ||
| 650 | _aPEIXE-BOI | ||
| 650 | _aPEIXE MARINHO | ||
| 650 | _aPEIXE DE ÁGUA DOCE | ||
| 650 | _aGANHO DE PESO | ||
| 650 | _aNUTRIÇÃO ANIMAL | ||
| 650 | _aCURVA DE CRESCIMENTO | ||
| 650 | _aBIOMETRIA | ||
| 909 |
_a202309 _bLucia _c55 _dLucia Elande |
||
| 942 | _cBK | ||
| 999 |
_c64789 _d64789 |
||